000 00563nam a22001817a 4500
005 20241217131841.0
008 241217b |||||||| |||| 00| 0 eng d
020 _a9780397549443
050 _aQP36
_b.M54
100 _aMemmler, Ruth L.
245 _aWorkbook for Structure and Function of the Body/
_cRuth L. Memmler, Barbara J. Cohen & Dena L. Wood
250 _a5th ed.
260 _aPhiladelphia
_bJ. B. Lippincott Company
_c1992
300 _aviii.256p.
_bill.
_c25cm
700 _aCohen J. Barbara
700 _aWood, Dena L.
942 _2lcc
_cBK
_e5th ed.
_n0
999 _c2401
_d2401